UBT Library

Nga planifikimi urban modern, drejtë planifikimit hapësinor të integruar (Record no. 54958)

000 -LEADER
fixed length control field 00363nam a22001457a 4500
008 - FIXED-LENGTH DATA ELEMENTS--GENERAL INFORMATION
fixed length control field 191112b ||||| |||| 00| 0 eng d
020 ## - INTERNATIONAL STANDARD BOOK NUMBER
International Standard Book Number 9789951550178
041 ## - LANGUAGE CODE
Language code of text/sound track or separate title eng
080 ## - UNIVERSAL DECIMAL CLASSIFICATION NUMBER
Universal Decimal Classification number 721
082 ## - DEWEY DECIMAL CLASSIFICATION NUMBER
Classification number 721
100 ## - Rafti
Rafti 41
101 ## - Shkurtesa
Shkurtesa ARK
245 ## - TITLE STATEMENT
Title Nga planifikimi urban modern, drejtë planifikimit hapësinor të integruar
Statement of responsibility, etc Beqaj,B
942 ## - ADDED ENTRY ELEMENTS (KOHA)
Source of classification or shelving scheme
Item type Books
Holdings
Withdrawn status Lost status Source of classification or shelving scheme Damaged status Not for loan Collection code Permanent location Current location Shelving location Date acquired Total Checkouts Full call number Barcode Date last seen Price effective from Koha item type
          Koleksioni i përgjithshem UBT - Lipjan UBT - Lipjan Koleksioni i përgjithshem 12/11/2019   721 BEQ 002-4000264 11/12/2019 11/12/2019 Books
          Koleksioni i përgjithshem UBT - Lipjan UBT - Lipjan Koleksioni i përgjithshem 12/11/2019   721 BEQ 002-4000259 01/21/2020 11/12/2019 Books
          Koleksioni i përgjithshem UBT - Lipjan UBT - Lipjan Koleksioni i përgjithshem 12/11/2019   721 BEQ 002-4000254 11/12/2019 11/12/2019 Books
          Koleksioni i përgjithshem UBT - Lipjan UBT - Lipjan Koleksioni i përgjithshem 12/11/2019   721 BEQ 002-4000249 11/12/2019 11/12/2019 Books
UBT Library © 2015-2024. All rights reserved University Education for Business and Technology